[Event "4NCL Division 2c"]
[Site "Birmingham Airport ENG"]
[Date "2015.03.29"]
[Round "8.248"]
[White "Keen, Cosima"]
[Black "Golding, Alex"]
[Result "1-0"]
[WhiteElo "1799"]
[BlackElo "2012"]
[PlyCount "139"]
[EventDate "2015.03.29"]
[WhiteTeam "Barbican 4NCL Youth"]
[BlackTeam "Guildford 3"]

1. d4 Nf6 2. Nf3 d6 3. Bg5 Nbd7 4. e3 h6 5. Bh4 c6 6. c4 e5 7. Nc3 Be7 8. Bxf6
Bxf6 9. Bd3 exd4 10. exd4 Qe7+ 11. Qe2 Qxe2+ 12. Kxe2 O-O 13. Rhe1 Nb6 14. Kf1
Be6 15. b3 d5 16. c5 Nd7 17. Rac1 Bg4 18. Ne2 Rfe8 19. h3 Bxf3 20. gxf3 Nf8 21.
Rcd1 Ne6 22. Bf5 Nc7 23. a4 Na6 24. f4 Nb4 25. Ng1 Rxe1+ 26. Kxe1 Re8+ 27. Kf1
Na2 28. Nf3 g6 29. Bc2 Nb4 30. Bb1 a5 31. Ne5 Bxe5 32. fxe5 Na6 33. f4 Rb8 34.
Bd3 Nc7 35. Ke2 Ne6 36. Ke3 Ng7 37. Rg1 Kf8 38. b4 axb4 39. Rb1 Ke7 40. Rxb4
Kd7 41. a5 Kc7 42. Rb3 Ra8 43. Ra3 h5 44. Kf3 Ne6 45. Ra4 Rg8 46. Ke3 h4 47.
Ra1 g5 48. f5 Nf4 49. Bf1 Nh5 50. Kf3 Ng3 51. Bd3 Nh5 52. Rb1 Nf4 53. Bf1 Ra8
54. Ra1 Rg8 55. Kg4 Rg7 56. Rb1 Rg8 57. a6 bxa6 58. Bxa6 Rb8 59. Rxb8 Kxb8 60.
Bf1 Kc7 61. Kxg5 Nxh3+ 62. Bxh3 Kd7 63. f6+ Ke8 64. Kxh4 Kf8 65. Bd7 Kg8 66.
Bxc6 Kf8 67. Bxd5 Ke8 68. Kg5 Kd7 69. Bxf7 Kc7 70. e6 1-0

[Event "4NCL Division 2d"]
[Site "Hinckley Island ENG"]
[Date "2015.05.03"]
[Round "10.251"]
[White "Thompson, Ian D"]
[Black "Girdlestone, Paul"]
[Result "1/2-1/2"]
[WhiteElo "2202"]
[BlackElo "2155"]
[PlyCount "116"]
[EventDate "2015.05.03"]
[WhiteTeam "BCM Dragons [1]"]
[BlackTeam "Brown Jack Witney"]

1. c4 e5 2. Nc3 Nc6 3. g3 g6 4. Bg2 Bg7 5. d3 Nge7 6. Rb1 h5 7. Nf3 d6 8. h4
Nf5 9. Bg5 f6 10. Bd2 O-O 11. e3 Nb4 12. Bc1 Be6 13. b3 Re8 14. O-O Qd7 15. d4
exd4 16. exd4 Nh6 17. a3 Na6 18. Nh2 c6 19. Bf4 Bf5 20. Rc1 Nc7 21. Qd2 Nf7 22.
Rfe1 Rxe1+ 23. Rxe1 Re8 24. Rxe8+ Nxe8 25. b4 Bf8 26. Be3 Be7 27. a4 Kg7 28. b5
g5 29. Qe2 gxh4 30. gxh4 Bg6 31. Ne4 f5 32. Ng5 Nf6 33. d5 cxd5 34. cxd5 Nxg5
35. hxg5 Ne4 36. f4 Qc7 37. Bxe4 fxe4 38. f5 Bxf5 39. Qxh5 Qc3 40. Nf1 b6 41.
Qe8 Qe5 42. Kf2 Bh3 43. Ng3 Bg4 44. Nh5+ Bxh5 45. Qxh5 Qxd5 46. Qh6+ Kg8 47. g6
Bf6 48. Qh7+ Kf8 49. Qd7 Bd4 50. Qd8+ Kg7 51. Qe7+ Kxg6 52. Qe8+ Kh7 53. Qe7+
Bg7 54. Qxa7 Qf5+ 55. Ke1 Kg6 56. Qxb6 Bc3+ 57. Bd2 Qe5 58. Bxc3 Qxc3+ 1/2-1/2

[Event "4NCL Division 2d"]
[Site "Hinckley Island ENG"]
[Date "2015.05.03"]
[Round "10.252"]
[White "Martin, Lewis"]
[Black "Tavares, Shawn P"]
[Result "0-1"]
[WhiteElo "2147"]
[BlackElo "2110"]
[PlyCount "112"]
[EventDate "2015.05.03"]
[WhiteTeam "Brown Jack Witney"]
[BlackTeam "BCM Dragons [1]"]

1. d4 Nf6 2. c4 c5 3. d5 b5 4. cxb5 a6 5. b6 d6 6. Nc3 Nbd7 7. e4 g6 8. Nf3 Rb8
9. Bd3 Bg7 10. O-O O-O 11. Bf4 Qxb6 12. Rb1 Ng4 13. Qd2 Nde5 14. Nxe5 Nxe5 15.
Be2 Qb4 16. Rfe1 f5 17. Bg5 Rf7 18. f4 Ng4 19. Bxg4 Bd4+ 20. Kh1 fxg4 21. Qd1
e5 22. fxe5 Bxe5 23. Be3 Rfb7 24. Bd2 Qd4 25. b3 Qf2 26. Ne2 Bd7 27. Rf1 Qh4
28. g3 Qe7 29. Qc2 Bb5 30. Rf2 Rf8 31. Rbf1 Rf3 32. Bh6 Qf6 33. Ng1 Bxf1 34.
Nxf3 gxf3 35. Rxf1 g5 36. Bxg5 Qxg5 37. Rxf3 Rf7 38. Rxf7 Kxf7 39. Qe2 Qc1+ 40.
Kg2 Qb2 41. Qxb2 Bxb2 42. Kf3 Kf6 43. Ke2 Ke5 44. Kd3 Bd4 45. h3 h5 46. a3 Bb2
47. a4 Bc1 48. Kc2 Be3 49. Kd3 Bg5 50. g4 h4 51. Kc4 Kxe4 52. b4 cxb4 53. Kxb4
Kxd5 54. Ka5 Kc4 55. Kxa6 d5 56. Kb7 Kb4 0-1

[Event "4NCL Division 2d"]
[Site "Hinckley Island ENG"]
[Date "2015.05.03"]
[Round "10.253"]
[White "Coates, Kenneth G"]
[Black "Richmond, Jane"]
[Result "1-0"]
[WhiteElo "2148"]
[BlackElo "2140"]
[PlyCount "75"]
[EventDate "2015.05.03"]
[WhiteTeam "BCM Dragons [1]"]
[BlackTeam "Brown Jack Witney"]

1. d4 Nf6 2. Nf3 e6 3. Bf4 d6 4. e3 g6 5. Bd3 Bg7 6. e4 c5 7. dxc5 dxc5 8. Nc3
O-O 9. Qd2 Nc6 10. O-O-O Qa5 11. Kb1 Rd8 12. Nb5 Qxd2 13. Nxd2 e5 14. Be3 Nd4
15. c3 Ne6 16. Bc4 Bd7 17. f3 Ne8 18. Nb3 Bxb5 19. Bxb5 Nd6 20. Be2 Rac8 21.
Rd5 c4 22. Rhd1 cxb3 23. Rxd6 bxa2+ 24. Kxa2 Rxd6 25. Rxd6 Bf8 26. Rd7 Bc5 27.
Bxc5 Nxc5 28. Re7 f6 29. Bc4+ Kh8 30. Bd5 Rd8 31. b4 Nd3 32. Rxb7 Nf4 33. c4
Nxg2 34. Rxa7 Ne1 35. b5 Nd3 36. b6 Nc5 37. b7 Nd7 38. Ra8 1-0

[Event "4NCL Division 2d"]
[Site "Hinckley Island ENG"]
[Date "2015.05.03"]
[Round "10.255"]
[White "Purdon, Colin"]
[Black "Whatley, Stephen"]
[Result "1-0"]
[WhiteElo "2057"]
[BlackElo "2065"]
[PlyCount "109"]
[EventDate "2015.05.03"]
[WhiteTeam "BCM Dragons [1]"]
[BlackTeam "Brown Jack Witney"]

1. d4 Nf6 2. c4 c5 3. d5 b5 4. Nf3 Bb7 5. Qc2 bxc4 6. e4 e6 7. Bxc4 exd5 8.
exd5 Bxd5 9. Bxd5 Nxd5 10. O-O Be7 11. Re1 Na6 12. Bg5 O-O 13. Bxe7 Nxe7 14.
Qc4 Nc7 15. Qxc5 Ne6 16. Qa3 d5 17. Nc3 d4 18. Rad1 Nc6 19. Ne4 Qb6 20. Rd2
Rac8 21. Nd6 Rcd8 22. Nc4 Qb7 23. Nce5 Nxe5 24. Nxe5 Rd5 25. Nd3 Rg5 26. g3 Rf5
27. Re5 Rxe5 28. Nxe5 Qe4 29. Nf3 Ng5 30. Kg2 Rd8 31. h4 Ne6 32. Qxa7 Qg4 33.
Qxf7+ Kh8 34. Nh2 Qe4+ 35. Qf3 Qb1 36. a3 Qc1 37. Qd3 Qc6+ 38. Qf3 Qc1 39. Qd1
Qc6+ 40. Kg1 Qc4 41. Nf3 Qd5 42. Rd3 h6 43. b4 g5 44. Qe2 Kg8 45. hxg5 hxg5 46.
Qe5 Qa2 47. Qe4 Rf8 48. Rd2 Qc4 49. Kg2 Rf6 50. Rc2 Qb3 51. Rc8+ Kg7 52. Ne5
Rh6 53. Qb7+ Kf6 54. Ng4+ Kg6 55. Qe4+ 1-0

[Event "4NCL Division 2d"]
[Site "Hinckley Island ENG"]
[Date "2015.05.03"]
[Round "10"]
[White "Rabbitt, Mike"]
[Black "Pafura, Godfrey"]
[Result "1-0"]
[WhiteElo "2027"]
[BlackElo "2075"]
[PlyCount "79"]
[EventDate "2015.05.03"]
[WhiteTeam "Brown Jack Witney"]
[BlackTeam "BCM Dragons [1]"]

1. e4 c6 2. d4 d5 3. exd5 cxd5 4. c4 Nf6 5. Nc3 e6 6. Nf3 Be7 7. cxd5 exd5 8.
h3 O-O 9. Bd3 a6 10. O-O b5 11. a3 Bb7 12. Re1 Bd6 13. Ne5 Nbd7 14. Bg5 Qb8 15.
Nxd7 Nxd7 16. Qg4 f5 17. Bxf5 Nf6 18. Qh4 h6 19. Be6+ Kh8 20. Bxf6 Rxf6 21.
Bxd5 Rf4 22. Qh5 Rxd4 23. Re6 Bh2+ 24. Kh1 Bxd5 25. Nxd5 Bf4 26. Rae1 Qf8 27.
Re8 Rxe8 28. Rxe8 Rd1+ 29. Qxd1 Qxe8 30. Nxf4 a5 31. Qd4 Qc6 32. Nh5 Qc1+ 33.
Kh2 Qc7+ 34. g3 Qf7 35. Qxg7+ Qxg7 36. Nxg7 Kxg7 37. Kg2 Kf6 38. Kf3 Ke5 39.
Ke3 Kd5 40. Kd3 1-0

[Event "4NCL Division 2d"]
[Site "Hinckley Island ENG"]
[Date "2015.05.03"]
[Round "10.1"]
[White "Scrimgour, Alan"]
[Black "Bourne, Johnathan"]
[Result "1/2-1/2"]
[WhiteElo "2071"]
[BlackElo "1967"]
[PlyCount "36"]
[EventDate "2015.05.03"]
[WhiteTeam "BCM Dragons [1]"]
[BlackTeam "Brown Jack Witney"]

1. e4 e6 2. d4 d5 3. e5 c5 4. c3 Nc6 5. Nf3 Bd7 6. a3 f6 7. Bd3 Qc7 8. O-O
O-O-O 9. Re1 h6 10. Qe2 c4 11. Bc2 f5 12. b3 Na5 13. Nfd2 Ne7 14. a4 cxb3 15.
Nxb3 Nec6 16. Ba3 Nxb3 17. Bxb3 Na5 18. Qa2 Kb8 1/2-1/2

[Event "4NCL Division 2d"]
[Site "Hinckley Island ENG"]
[Date "2015.05.03"]
[Round "10.2"]
[White "Duncan, Patrick"]
[Black "Dhemrait, Jagdeep"]
[Result "1/2-1/2"]
[WhiteElo "2013"]
[BlackElo "1682"]
[PlyCount "99"]
[EventDate "2015.05.03"]
[WhiteTeam "Brown Jack Witney"]
[BlackTeam "BCM Dragons [1]"]

1. b3 e5 2. Bb2 Nc6 3. e3 a6 4. c4 Nf6 5. d3 d6 6. Be2 g6 7. Nf3 Bg7 8. Nc3 Bf5
9. e4 Bg4 10. Nd5 h5 11. b4 b5 12. a3 Rb8 13. Qc2 Qd7 14. cxb5 axb5 15. Nxf6+
Bxf6 16. Rc1 Rb6 17. O-O O-O 18. Rfd1 Bxf3 19. Bxf3 Bg5 20. Ra1 Nd4 21. Bxd4
exd4 22. g3 Rc6 23. Qa2 Qe6 24. e5 Rc3 25. exd6 Qxd6 26. Qd5 Qxd5 27. Bxd5 c6
28. Be4 Ra8 29. Ra2 Bc1 30. Ra1 Bxa3 31. Rd2 Kg7 32. Rda2 Ra6 33. Bxc6 Raxc6
34. Rxa3 Rxa3 35. Rxa3 Rc1+ 36. Kg2 Rb1 37. Ra7 Rxb4 38. Rd7 Kf6 39. Kf3 g5 40.
h4 gxh4 41. gxh4 Rb2 42. Rxd4 b4 43. Rd5 Kg6 44. Rb5 b3 45. d4 Rb1 46. Kf4 b2
47. Rb6+ f6 48. d5 Rd1 49. Rxb2 Rxd5 50. Rb4 1/2-1/2

[Event "4NCL Division 2d"]
[Site "Hinckley Island ENG"]
[Date "2015.05.03"]
[Round "10.5"]
[White "Snuverink, Jochem"]
[Black "Lewis, Andrew"]
[Result "1/2-1/2"]
[WhiteElo "2373"]
[BlackElo "2256"]
[PlyCount "120"]
[EventDate "2015.05.03"]
[WhiteTeam "Kings Head"]
[BlackTeam "Anglian Avengers 1"]

1. e4 c5 2. Nf3 Nc6 3. d4 cxd4 4. Nxd4 Nf6 5. Nc3 d6 6. Bc4 Na5 7. Be2 e6 8.
O-O Be7 9. Kh1 O-O 10. f4 a6 11. a4 Bd7 12. g4 d5 13. exd5 Nxd5 14. Nxd5 exd5
15. b3 Nc6 16. Bb2 Bc5 17. Qd2 Re8 18. Bf3 Rc8 19. Nxc6 Bxc6 20. Bd4 Bxd4 21.
Qxd4 Qh4 22. Rad1 Qh3 23. f5 h6 24. Bg2 Qh4 25. Bf3 Qh3 26. Bg2 Qh4 27. Rf2 Re4
28. Bxe4 dxe4 29. Qe3 Qxf2 30. Qxf2 e3+ 31. Qg2 Bxg2+ 32. Kxg2 Rxc2+ 33. Kf3 e2
34. Rd8+ Kh7 35. Kf2 Rc3 36. Rd7 Rxb3 37. Rxf7 Kg8 38. Rc7 Rb4 39. Kxe2 Rxg4
40. Rxb7 Rxa4 41. Ra7 Ra5 42. Ke3 Rxf5 43. Rxa6 Kh7 44. Ra2 Kg6 45. Rg2+ Kf6
46. Ra2 g6 47. Rb2 Kg5 48. Rf2 Rxf2 49. Kxf2 Kg4 50. Kg2 g5 51. Kg1 Kf3 52. Kf1
Ke3 53. Ke1 g4 54. Kf1 h5 55. Kg2 h4 56. Kf1 Kf3 57. Kg1 g3 58. hxg3 hxg3 59.
Kf1 g2+ 60. Kg1 Kg3 1/2-1/2

[Event "4NCL Division 2d"]
[Site "Hinckley Island ENG"]
[Date "2015.05.03"]
[Round "10.6"]
[White "Talsma, Paul"]
[Black "McMichael, Richard J"]
[Result "1/2-1/2"]
[WhiteElo "2210"]
[BlackElo "2176"]
[PlyCount "131"]
[EventDate "2015.05.03"]
[WhiteTeam "Anglian Avengers 1"]
[BlackTeam "Kings Head"]

1. d4 e6 2. c4 f5 3. Nf3 Nf6 4. g3 d5 5. Bg2 c6 6. O-O Bd6 7. Nc3 O-O 8. Qc2
Bd7 9. Bg5 h6 10. Bf4 Bxf4 11. gxf4 Be8 12. cxd5 cxd5 13. Qb3 Qe7 14. Rac1 Nc6
15. e3 Kh8 16. Nb5 Ne4 17. Qa3 Qxa3 18. Nxa3 Bh5 19. Rfe1 Bxf3 20. Bxf3 a6 21.
Be2 g5 22. f3 Nf6 23. fxg5 hxg5 24. Nb1 Rf7 25. Nd2 f4 26. Nb3 fxe3 27. Rc3 Nh5
28. Rxe3 Nf4 29. Bf1 Kg7 30. Rd1 Rc8 31. Rc3 Kf6 32. Na5 Na7 33. Rxc8 Nxc8 34.
Rc1 Nd6 35. Nb3 Nf5 36. Rc8 Rh7 37. Rf8+ Ke7 38. Rg8 Ne3 39. Rxg5 Kf6 40. Rg8
Nxf1 41. Kxf1 Rxh2 42. Nc1 Rxb2 43. Rf8+ Ke7 44. Rxf4 Rb1 45. Ke2 Rxc1 46. Rh4
Rc2+ 47. Kd3 Rxa2 48. Rh7+ Kf6 49. Rxb7 Ra3+ 50. Ke2 a5 51. Ra7 a4 52. Kd2 Rxf3
53. Rxa4 Kf5 54. Ra6 Rh3 55. Ke2 Ke4 56. Rxe6+ Kxd4 57. Ra6 Rh2+ 58. Kd1 Ke4
59. Ra3 d4 60. Rb3 Rh1+ 61. Kd2 Ra1 62. Rh3 Ra2+ 63. Kd1 d3 64. Rh8 Rg2 65.
Re8+ Kd4 66. Rd8+ 1/2-1/2

[Event "4NCL Division 2d"]
[Site "Hinckley Island ENG"]
[Date "2015.05.03"]
[Round "10.7"]
[White "Guthrie, David W"]
[Black "Spence, David"]
[Result "1/2-1/2"]
[WhiteElo "2198"]
[BlackElo "2230"]
[PlyCount "34"]
[EventDate "2015.05.03"]
[WhiteTeam "Kings Head"]
[BlackTeam "Anglian Avengers 1"]

1. d4 e6 2. c4 Nf6 3. Nc3 Bb4 4. e3 b6 5. Nge2 Ne4 6. Bd2 Nxd2 7. Qxd2 O-O 8.
a3 Be7 9. g3 Ba6 10. b3 d6 11. Bg2 c6 12. O-O Qc7 13. d5 exd5 14. cxd5 c5 15.
e4 Nd7 16. f4 Rab8 17. Rac1 Bf6 1/2-1/2

[Event "4NCL Division 2d"]
[Site "Hinckley Island ENG"]
[Date "2015.05.03"]
[Round "10.8"]
[White "Player, Edmund"]
[Black "Okike, David C"]
[Result "0-1"]
[WhiteElo "2217"]
[BlackElo "2175"]
[PlyCount "96"]
[EventDate "2015.05.03"]
[WhiteTeam "Anglian Avengers 1"]
[BlackTeam "Kings Head"]

1. e4 c5 2. Nf3 Nc6 3. Bb5 g6 4. Bxc6 bxc6 5. O-O Bg7 6. Re1 Nf6 7. e5 Nd5 8.
c4 Nc7 9. b3 O-O 10. Bb2 Ne6 11. Nc3 f5 12. d4 Bb7 13. Na4 cxd4 14. Nxd4 Nxd4
15. Bxd4 f4 16. Nc5 Qc7 17. e6 Bxd4 18. Qxd4 d6 19. Nxb7 Qxb7 20. Re4 c5 21.
Qd3 Rf6 22. Rae1 Raf8 23. f3 Qa6 24. R1e2 Rf5 25. Qd2 Qa3 26. Qc3 a5 27. Qc2
Ra8 28. h3 Qb4 29. Rd2 Qb7 30. Rd3 Raf8 31. Qd1 Qb4 32. Qc2 Qb8 33. Qd2 Qc7 34.
Rd5 R5f6 35. Rg5 h6 36. Rg4 d5 37. cxd5 Qd6 38. h4 Kh7 39. Qd3 Rf5 40. Qc4 Rxd5
41. Re1 Rf6 42. Qc3 g5 43. Qc2+ Kg7 44. Qe4 Rff5 45. hxg5 hxg5 46. Qa4 Rfe5 47.
Rf1 Rxe6 48. Qxa5 Qe5 0-1

[Event "4NCL Division 2d"]
[Site "Hinckley Island ENG"]
[Date "2015.05.03"]
[Round "10.10"]
[White "Gregory, Steve"]
[Black "Mackenzie, Colin"]
[Result "1/2-1/2"]
[WhiteElo "2155"]
[BlackElo "2046"]
[PlyCount "95"]
[EventDate "2015.05.03"]
[WhiteTeam "Anglian Avengers 1"]
[BlackTeam "Kings Head"]

1. e4 e6 2. d4 d5 3. exd5 exd5 4. c4 Bb4+ 5. Nc3 Qe7+ 6. Be3 dxc4 7. Bxc4 Nf6
8. Nf3 O-O 9. O-O Bg4 10. h3 Bh5 11. g4 Bxc3 12. bxc3 Bg6 13. Ne5 Be4 14. g5
Ne8 15. Re1 Nd6 16. Bb3 Nd7 17. Bf4 Rae8 18. Re3 Qd8 19. Qg4 Bf5 20. Qg2 Be6
21. Rae1 Nf5 22. R3e2 Bxb3 23. axb3 Nxe5 24. Rxe5 Rxe5 25. Rxe5 Nh4 26. Qg3 Ng6
27. Re3 Nxf4 28. Qxf4 f6 29. g6 hxg6 30. Qe4 c6 31. Qxg6 Qd7 32. h4 Rf7 33. Qe4
f5 34. Qf4 Qd8 35. Re5 Qd7 36. Kf1 Qc8 37. h5 Qd7 38. Qg5 Rf6 39. Ke2 Qf7 40.
c4 b5 41. d5 bxc4 42. bxc4 cxd5 43. cxd5 Qc7 44. Qf4 Qc2+ 45. Qd2 Qc4+ 46. Qd3
Qg4+ 47. Qf3 Qc4+ 48. Qd3 1/2-1/2

[Event "4NCL Division 2d"]
[Site "Hinckley Island ENG"]
[Date "2015.05.03"]
[Round "10.11"]
[White "Gilfillan, Andrew"]
[Black "Bayford, Jim R"]
[Result "1/2-1/2"]
[WhiteElo "2087"]
[BlackElo "2162"]
[PlyCount "73"]
[EventDate "2015.05.03"]
[WhiteTeam "Kings Head"]
[BlackTeam "Anglian Avengers 1"]

1. c4 e5 2. g3 Nc6 3. Bg2 g6 4. Nc3 Bg7 5. d3 Nge7 6. Rb1 a5 7. e3 O-O 8. a3 f5
9. Nge2 d6 10. b4 axb4 11. axb4 Be6 12. Nd5 Qd7 13. O-O Rae8 14. f4 Nd8 15. b5
Bf7 16. b6 Nxd5 17. cxd5 c6 18. Qa4 Re7 19. dxc6 Nxc6 20. Rb5 Rc8 21. Bd2 d5
22. Rc5 Ree8 23. Rfc1 Ra8 24. Qb5 Red8 25. R5c2 Qd6 26. fxe5 Qxe5 27. d4 Qe7
28. Nf4 Qd7 29. Rc5 Bf8 30. Nxd5 Kg7 31. Nc7 Bxc5 32. Qxc5 Ra2 33. Bc3 Kg8 34.
d5 Qe7 35. Qxe7 Nxe7 36. Bf6 Kf8 37. Rd1 1/2-1/2

[Event "4NCL Division 2d"]
[Site "Hinckley Island ENG"]
[Date "2015.05.03"]
[Round "10.12"]
[White "Peck, Silas"]
[Black "Zhang, Harvey Y"]
[Result "1-0"]
[WhiteElo "2035"]
[BlackElo "1689"]
[PlyCount "77"]
[EventDate "2015.05.03"]
[WhiteTeam "Anglian Avengers 1"]
[BlackTeam "Kings Head"]

1. e4 c5 2. Nf3 Nc6 3. d4 cxd4 4. Nxd4 g6 5. Nc3 Bg7 6. Be3 Nf6 7. Bc4 Qa5 8.
O-O O-O 9. h3 d6 10. Qd2 Bd7 11. Nb3 Qd8 12. Bh6 Ne5 13. Be2 Bc6 14. Bxg7 Kxg7
15. f4 Ned7 16. Bf3 Qb6+ 17. Kh1 Nc5 18. Nxc5 Qxc5 19. Rae1 e5 20. Nd5 Bxd5 21.
exd5 exf4 22. b3 Rfe8 23. c4 b5 24. Rxe8 Rxe8 25. Qxf4 Nd7 26. Bg4 Ne5 27. Bd7
Rf8 28. Qf6+ Kg8 29. Bxb5 a6 30. Ba4 Qb4 31. Qe7 Nxc4 32. Qe4 Rc8 33. Bd7 Rc7
34. Qe8+ Kg7 35. Qxf7+ Kh6 36. Qf8+ Kh5 37. Bg4+ Kg5 38. Qf4+ Kh4 39. g3# 1-0

[Event "4NCL Division 2d"]
[Site "Hinckley Island ENG"]
[Date "2015.05.03"]
[Round "10.16"]
[White "Green, Andrew D"]
[Black "Brown, Alan"]
[Result "1-0"]
[WhiteElo "2147"]
[BlackElo "2098"]
[PlyCount "111"]
[EventDate "2015.05.03"]
[WhiteTeam "KJCA Kings"]
[BlackTeam "MK Phoenix 1"]

1. d4 Nf6 2. c4 e6 3. Nc3 Bb4 4. Qc2 c5 5. dxc5 Na6 6. a3 Bxc3+ 7. Qxc3 Nxc5 8.
f3 a5 9. e4 d6 10. Be3 Qc7 11. Rd1 a4 12. Qd4 Ra6 13. Ne2 e5 14. Qd2 O-O 15.
Nc3 Bd7 16. Nb5 Bxb5 17. cxb5 Raa8 18. Qxd6 Qxd6 19. Rxd6 Rac8 20. Be2 Ne6 21.
O-O Rc2 22. Bd1 Rxb2 23. Bxa4 Ra8 24. Bd1 Rxb5 25. a4 Rb4 26. Rf2 h6 27. Rfd2
Kh7 28. Rb6 Rxb6 29. Bxb6 Rc8 30. Kf2 Kg8 31. a5 Kf8 32. g3 Ke7 33. Rb2 Nd7 34.
Be3 Ndc5 35. Bc2 g5 36. Bb1 Rc7 37. Rb6 Na4 38. Rb4 Nac5 39. Ke2 f6 40. Ba2 Na6
41. Rb2 Nec5 42. Bd5 Na4 43. Rb3 N4c5 44. Rb6 Rd7 45. Kf1 Rc7 46. Kg2 Rd7 47.
h4 gxh4 48. gxh4 h5 49. Kg3 Rc7 50. f4 Nd7 51. Rxb7 Rc3 52. Rb3 Rc7 53. Kf3
Nac5 54. Rb1 Nd3 55. f5 N3c5 56. Rg1 1-0

[Event "4NCL Division 2d"]
[Site "Hinckley Island ENG"]
[Date "2015.05.03"]
[Round "10.17"]
[White "Habershon, Paul"]
[Black "Sathyanandha, Saravanan"]
[Result "0-1"]
[WhiteElo "2112"]
[BlackElo "2163"]
[PlyCount "80"]
[EventDate "2015.05.03"]
[WhiteTeam "MK Phoenix 1"]
[BlackTeam "KJCA Kings"]

1. e4 e6 2. d3 d5 3. Nd2 c5 4. g3 Nc6 5. Bg2 g6 6. Ngf3 Bg7 7. O-O Nge7 8. Re1
O-O 9. c3 Qc7 10. Nf1 Rd8 11. Qe2 e5 12. h3 b5 13. exd5 Nxd5 14. Ne3 Nde7 15.
Ng4 f6 16. Be3 Bf5 17. Rad1 Qd6 18. d4 exd4 19. cxd4 c4 20. Bf4 Qd7 21. d5 Nxd5
22. Rxd5 Qxd5 23. Nfe5 fxe5 24. Bxd5+ Rxd5 25. Be3 Nd4 26. Bxd4 exd4 27. Qe7
Bxg4 28. hxg4 Rad8 29. Qe6+ Kh8 30. Qf7 Bf8 31. Re8 Rxe8 32. Qxe8 Kg7 33. Qe6
Rd6 34. Qe5+ Kf7 35. Qxb5 d3 36. Qxc4+ Ke8 37. Qc1 d2 38. Qd1 Bg7 39. b4 Bc3
40. Qe2+ Kd8 0-1

[Event "4NCL Division 2d"]
[Site "Hinckley Island ENG"]
[Date "2015.05.03"]
[Round "10.18"]
[White "Jones, William EG"]
[Black "MacDonald-Ross, Michael"]
[Result "1/2-1/2"]
[WhiteElo "2113"]
[BlackElo "2117"]
[PlyCount "60"]
[EventDate "2015.05.03"]
[WhiteTeam "KJCA Kings"]
[BlackTeam "MK Phoenix 1"]

1. e4 d6 2. d4 Nf6 3. Nc3 c6 4. f4 Qa5 5. Bd3 e5 6. Nf3 Nbd7 7. Qe2 Be7 8. Bd2
Qc7 9. a4 O-O 10. O-O b6 11. Kh1 a6 12. dxe5 dxe5 13. f5 Bb7 14. Rg1 Bc5 15.
Be3 b5 16. g4 Qb6 17. Bxc5 Qxc5 18. g5 Nh5 19. Nxe5 Qxe5 20. Qxh5 g6 21. Qf3 b4
22. Ne2 c5 23. Ng3 Qxb2 24. f6 Ne5 25. Qf4 c4 26. Bxc4 Nxc4 27. Qc7 Na5 28.
Qxa5 Rac8 29. Rab1 Qxc2 30. Qxb4 Ba8 1/2-1/2

[Event "4NCL Division 2d"]
[Site "Hinckley Island ENG"]
[Date "2015.05.03"]
[Round "10.19"]
[White "Reuben, Stewart"]
[Black "Ball, Laurence"]
[Result "1/2-1/2"]
[WhiteElo "2066"]
[BlackElo "2105"]
[PlyCount "86"]
[EventDate "2015.05.03"]
[WhiteTeam "MK Phoenix 1"]
[BlackTeam "KJCA Kings"]

1. c4 f5 2. Nc3 Nf6 3. d4 d6 4. Qc2 g6 5. e4 Bg7 6. Bd3 Nc6 7. Nf3 O-O 8. d5
Nb4 9. Qe2 Nxd3+ 10. Qxd3 fxe4 11. Nxe4 Nxe4 12. Qxe4 Bf5 13. Qe2 Bg4 14. Bg5
Qd7 15. O-O-O h6 16. Bh4 e5 17. dxe6 Qxe6 18. Qxe6+ Bxe6 19. Nd2 Rae8 20. b3 d5
21. Bg3 dxc4 22. bxc4 b5 23. cxb5 Bxa2 24. Nf3 Re4 25. Rd7 Rb4 26. Re1 Rb1+ 27.
Kd2 Rb2+ 28. Kd3 Rxb5 29. Rc1 Be6 30. Rdxc7 Rb2 31. Rxa7 Bf5+ 32. Kc4 Be6+ 33.
Kd3 Bf5+ 34. Kc4 Rc8+ 35. Rc7 Rxc7+ 36. Bxc7 Rxf2 37. Nd4 Bxd4 38. Kxd4 Rxg2
39. Be5 Rg4+ 40. Kd5 h5 41. Rc7 Re4 42. Ra7 Re2 43. Kd6 h4 1/2-1/2

[Event "4NCL Division 2d"]
[Site "Hinckley Island ENG"]
[Date "2015.05.03"]
[Round "10.20"]
[White "Grove, Michael"]
[Black "Smith, Graham"]
[Result "1-0"]
[WhiteElo "2050"]
[BlackElo "2063"]
[PlyCount "143"]
[EventDate "2015.05.03"]
[WhiteTeam "KJCA Kings"]
[BlackTeam "MK Phoenix 1"]

1. e4 c5 2. Nf3 e6 3. d4 cxd4 4. Nxd4 a6 5. Nc3 Qc7 6. Be3 Nf6 7. Bd3 Nc6 8.
O-O Ne5 9. h3 b5 10. Qe2 Bb7 11. f4 Nc6 12. Nf3 Na5 13. Rae1 b4 14. Na4 Qc6 15.
b3 Be7 16. Ne5 Qd6 17. Bc5 Qb8 18. Bxe7 Kxe7 19. Ng4 Qa7+ 20. Kh1 Nc6 21. Nxf6
gxf6 22. Qh5 Rag8 23. Qc5+ d6 24. Qxa7 Nxa7 25. Rf2 Nb5 26. Kh2 Rg7 27. Rc1 Rc8
28. Nb6 Rc3 29. Na4 Rc7 30. Re1 Nc3 31. Nxc3 Rxc3 32. a3 bxa3 33. Ra1 Rg8 34.
Rxa3 Ra8 35. Ra5 Rc5 36. Ra4 Bc6 37. Ra3 a5 38. Rf1 a4 39. b4 Rh5 40. c4 d5 41.
exd5 exd5 42. g4 Rh6 43. Re1+ Kd8 44. c5 f5 45. b5 fxg4 46. bxc6 Rxh3+ 47. Kg2
Kc7 48. Bb5 Rxa3 49. Re7+ Kd8 50. Rd7+ Kc8 51. Rxf7 Ra5 52. Rf8+ Kc7 53. Rf7+
Kd8 54. Rf8+ Ke7 55. c7 Rxb5 56. Re8+ Kxe8 57. c8=Q+ Ke7 58. Qc7+ Ke6 59. Qc6+
Kf5 60. Qxd5+ Kg6 61. Qg5+ Kf7 62. Qd5+ Kf6 63. Qe5+ Kg6 64. Qe6+ Kg7 65. Qd7+
Kf6 66. Qxb5 Ra2+ 67. Kg3 h5 68. Qc6+ Kg7 69. Qd7+ Kf6 70. Qd6+ Kg7 71. Qe7+
Kh8 72. Qf8+ 1-0

[Event "4NCL Division 2d"]
[Site "Hinckley Island ENG"]
[Date "2015.05.03"]
[Round "10.21"]
[White "Grieve, Harry"]
[Black "Lunn, Matthew"]
[Result "0-1"]
[WhiteElo "2057"]
[BlackElo "2040"]
[PlyCount "84"]
[EventDate "2015.05.03"]
[WhiteTeam "MK Phoenix 1"]
[BlackTeam "KJCA Kings"]

1. e4 c5 2. Nc3 Nc6 3. Bb5 Nd4 4. Nf3 a6 5. Bd3 g6 6. Nxd4 cxd4 7. Ne2 Bg7 8.
f4 d6 9. c3 dxc3 10. bxc3 Nf6 11. Bc2 b5 12. d4 Bb7 13. Ng3 Qc7 14. Bd2 O-O 15.
O-O Nd7 16. Rb1 Nb6 17. f5 Nc4 18. Bc1 Rac8 19. Bb3 Na5 20. Bd2 b4 21. Rc1 Qb6
22. Kh1 bxc3 23. Bxc3 Nxb3 24. Qxb3 Qxb3 25. axb3 Bh6 26. Rc2 Rc7 27. Rf3 Bg7
28. Re2 Rfc8 29. Bb2 Rc2 30. Ref2 Bxe4 31. Nxe4 Rxb2 32. Rf1 Rcc2 33. fxg6 fxg6
34. Rg3 Bxd4 35. Ng5 Rf2 36. Rc1 Rbc2 37. Rd1 Be5 38. Rg4 h5 39. Rb4 Rxg2 40.
Nf3 Bf6 41. Rb8+ Kf7 42. Rf1 Rgf2 0-1

[Event "4NCL Division 2d"]
[Site "Hinckley Island ENG"]
[Date "2015.05.03"]
[Round "10.22"]
[White "Velayudham, Kartik"]
[Black "Freeman, Richard"]
[Result "0-1"]
[WhiteElo "1705"]
[BlackElo "2039"]
[PlyCount "44"]
[EventDate "2015.05.03"]
[WhiteTeam "KJCA Kings"]
[BlackTeam "MK Phoenix 1"]

1. e4 d5 2. exd5 Nf6 3. Nc3 Nxd5 4. d4 g6 5. Nf3 Bg7 6. Be2 O-O 7. O-O Nc6 8.
Ne4 e5 9. dxe5 Nxe5 10. c3 c6 11. Ng3 Qb6 12. Qc2 Ne7 13. Be3 Qc7 14. Nd4 c5
15. Nb3 b6 16. Bf4 Bb7 17. f3 Nd5 18. Bd2 Qc6 19. c4 Nb4 20. Bxb4 cxb4 21. Nd2
Ng4 22. Qe4 Qc5+ 0-1

[Event "4NCL Division 2d"]
[Site "Hinckley Island ENG"]
[Date "2015.05.03"]
[Round "10.25"]
[White "Pleasants, Allan J"]
[Black "Strugnell, Carl P"]
[Result "1/2-1/2"]
[WhiteElo "2097"]
[BlackElo "2256"]
[PlyCount "81"]
[EventDate "2015.05.03"]
[WhiteTeam "Wessex"]
[BlackTeam "Rhyfelwyr Essyllwg 1"]

1. e4 c5 2. Nf3 Nc6 3. d4 cxd4 4. c3 dxc3 5. Nxc3 e6 6. Bc4 a6 7. O-O Nge7 8.
Bg5 f6 9. Be3 b5 10. Bb3 Na5 11. Bxe6 dxe6 12. Qxd8+ Kxd8 13. Bb6+ Ke8 14. Bxa5
Nc6 15. Bb6 Rb8 16. Be3 Bd7 17. Rfd1 Na5 18. Nd2 Bc6 19. f3 Bd6 20. Ne2 Ke7 21.
Nd4 Bd7 22. N2b3 Nb7 23. Rac1 Rbc8 24. Rxc8 Rxc8 25. Rc1 Rxc1+ 26. Nxc1 Nc5 27.
Ndb3 Na4 28. Nd3 Bc8 29. Nbc5 Nb6 30. b3 Na8 31. Nb4 Nc7 32. Nc6+ Ke8 33. Kf2
g6 34. h3 e5 35. h4 f5 36. g3 Bb7 37. Nb8 Bc8 38. Nc6 Ne6 39. Nd3 fxe4 40. fxe4
Bb7 41. Ndxe5 1/2-1/2